Map of NCAA D1 Wrestling Programs - Statistics

General Stats
  • This quiz has been taken 399 times
  • The average score is 49 of 78
Answers on the Map
Answers color-coded by a green-red scale on the quiz's map according to % correct below.
 
Answer Stats
Classes Answer % Correct
zoomable-circle Iowa
94%
zoomable-circle Oklahoma
94%
zoomable-circle Oklahoma St
94%
zoomable-circle Michigan
93%
zoomable-circle UPenn
93%
zoomable-circle Arizona St
92%
zoomable-circle Oregon St
92%
zoomable-circle Iowa St
91%
zoomable-circle Indiana
90%
zoomable-circle Michigan St
90%
zoomable-circle Minnesota
90%
zoomable-circle Nebraska
90%
zoomable-circle Ohio
90%
zoomable-circle Wisconsin
89%
zoomable-circle North Dakota St
88%
zoomable-circle Ohio St
88%
zoomable-circle Penn St
88%
zoomable-circle South Dakota St
88%
zoomable-circle Illinois
87%
zoomable-circle North Carolina
87%
zoomable-circle Missouri
86%
zoomable-circle Wyoming
86%
zoomable-circle Virginia
85%
zoomable-circle Harvard
81%
zoomable-circle Virginia Tech
81%
zoomable-circle North Carolina St
80%
zoomable-circle Air Force
77%
zoomable-circle Stanford
77%
zoomable-circle Buffalo
76%
zoomable-circle Rutgers
76%
zoomable-circle Northwestern
75%
zoomable-circle West Virginia
75%
zoomable-circle Maryland
74%
zoomable-circle Purdue
74%
zoomable-circle Cornell
73%
zoomable-circle Duke
72%
zoomable-circle Army
71%
zoomable-circle Navy
71%
zoomable-circle Pittsburgh
71%
zoomable-circle Brown
70%
zoomable-circle Central Michigan
69%
zoomable-circle Northern Illinois
69%
zoomable-circle Northern Iowa
68%
zoomable-circle Princeton
65%
zoomable-circle Columbia
63%
zoomable-circle Little Rock
61%
zoomable-circle Chattanooga
59%
zoomable-circle Cleveland St
55%
zoomable-circle Appalachian St
53%
zoomable-circle Northern Colorado
53%
zoomable-circle Kent St
51%
zoomable-circle American
50%
zoomable-circle LIU
49%
zoomable-circle Utah Valley
48%
zoomable-circle Lehigh
47%
zoomable-circle The Citadel
47%
zoomable-circle Cal Poly
46%
zoomable-circle Binghamton
45%
zoomable-circle George Mason
40%
zoomable-circle Virginia Military Institute
39%
zoomable-circle Bucknell
37%
zoomable-circle Campbell
33%
zoomable-circle Davidson
33%
zoomable-circle Drexel
33%
zoomable-circle Bellarmine
32%
zoomable-circle Hofstra
30%
zoomable-circle SIU Edwardsville
30%
zoomable-circle Cal Baptist
29%
zoomable-circle Rider
29%
zoomable-circle Sacred Heart
26%
zoomable-circle Gardner-Webb
25%
zoomable-circle Presbyterian
24%
zoomable-circle Lock Haven
23%
zoomable-circle Cal St Bakersfield
21%
zoomable-circle Clarion
21%
zoomable-circle Edinboro
20%
zoomable-circle Bloomsburg
18%
zoomable-circle Franklin & Marshall
17%
No matching quizzes found
Score Distribution
Percent of People with Each Score
Percentile by Number Answered
Your Score History
You have not taken this quiz